000 00265nam a2200109Ia 4500
008 220204s9999 xx 000 0 und d
082 _a82-3
_bSIL
100 _aSilverberg, Robert
245 0 _aStochastic man
260 _aLondon
_bVictor Gollancz
_c1976
942 _cBK
999 _c25036
_d25036